00719 2200265 4500001002100000005001700021008004100038020001800079035002400097040001200121082001000133090001700143100003900160245005900199250001100258260003200269300001900301500003600320650001700356700001100373700001500384850001200399990002100411990002100432YOGYA-0209000000939820090227021216.0 ind  a979-3335-23-8 0010-020900000009398 aYOPDYOG a297.4 a297.4bSuh A aAL-SUHRAWARDI, Syihab al-Din Yahya aAltar-altar cahaya hayakal al-nurcSyihab Al-Din Yahya aCet. 1 aJakartabSerambi Ilmuc2003 a142 hlmc20 cm aJudul asli : The shape of light aMistik Islam aZainul aQomaruddin aYOPDYOG a010-BPAD/B.03b1 a009-BPAD/B.03b1